| 000 | 00384nam a22001577a 4500 | ||
|---|---|---|---|
| 003 | OSt | ||
| 008 | 231011b |||||||| |||| 00| 0 eng d | ||
| 020 | _a9789354665127 | ||
| 100 | _aRAJE,V.N | ||
| 245 | _aHOSPITAL AND CLINICAL PHARMACY | ||
| 250 | _a4th | ||
| 260 |
_aNEW DELHI _bCBS PUB. _c2023 |
||
| 300 | _aXIII,210 | ||
| 650 | _aHOSPITAL AND CLINICAL PHARMACY | ||
| 942 |
_2ddc _cBK |
||
| 999 |
_c12092 _d12092 |
||